000 00835cam a2200217 4500
001 ABS62931
008 000000n2000 000 0 eng u
035 _a(Sirsi) u108435
100 _aMinton, A.
245 _aMast raiders' rent robbery
260 _c2000
490 _aEstates Gazette
_v(0035) 2 September 2000, 47-49(3)
520 _aInvestigates the growing problem of mobile phone operators taking advantage of the property industry's ignorance to negotiate low rents on mast sites. Suggests that the average rent for a third-generation site should be £50,000 a year rather than the current average of £10,000.
590 _aABS
650 _aMOBILE PHONES
650 _aTELECOMMUNICATIONS MASTS
650 _aRENTAL LEVELS
650 _aMOBILE PHONE MASTS
690 _aTRANSPORT AND COMMUNICATIONS
942 _n0
999 _c64741
_d64741